[Event "Unterfranken-ch HT 54th"]
[Site "Moembris"]
[Date "2003.04.21"]
[Round "1"]
[White "Hofmann, Andreas"]
[Black "Barthel, Reimar"]
[Result "1-0"]
[WhiteElo "1682"]
[BlackElo "1469"]
[PlyCount "47"]
[EventDate "2003.04.21"]
[EventType "swiss"]
[EventRounds "9"]
[EventCountry "GER"]
[SourceTitle "EXT 2015"]
[Source "ChessBase"]
[SourceDate "2014.11.20"]
[SourceVersion "1"]
[SourceVersionDate "2014.11.20"]
[SourceQuality "1"]

1. e4 g6 2. d4 Bg7 3. Be3 d6 4. Nc3 e5 5. d5 Ne7 6. Qd2 c6 7. 0-0-0 c5 8. Bh6 0-0 9. h4 f5 10. h5 fxe4 11. Bxg7 Kxg7 12. hxg6 Nf5 13. gxh7 Rh8 14. Nxe4 Rxh7 15. Rxh7+ Kxh7 16. Bd3 Kg7 17. Nf3 Na6 18. a3 Rb8 19. c4 Bd7 20. Rh1 b5 21. g4 bxc4 22. gxf5 Bxf5 23. Qh6+ Kf7 24. Nxd6+ 1-0

[Event "Unterfranken-ch HA 53th"]
[Site "Wuerzburg"]
[Date "2002.??.??"]
[Round "?"]
[White "Barthel, Reimar"]
[Black "Lutz, Gerhard"]
[Result "0-1"]
[WhiteElo "1284"]
[BlackElo "1559"]
[PlyCount "90"]
[EventDate "2002.04.01"]
[EventType "swiss"]
[EventRounds "9"]
[EventCountry "GER"]
[SourceTitle "EXT 2015"]
[Source "ChessBase"]
[SourceDate "2014.11.20"]
[SourceVersion "1"]
[SourceVersionDate "2014.11.20"]
[SourceQuality "1"]

1. c4 b6 2. Nc3 e6 3. g3 Bb7 4. Nf3 Nf6 5. Bg2 Be7 6. d3 a6 7. e4 h6 8. Be3 c5 9. 0-0 d6 10. Qd2 Ng4 11. Rfe1 Nd7 12. h3 Nxe3 13. Qxe3 Bg5 14. Qe2 0-0 15. Kh2 Bf6 16. Rad1 Qc7 17. d4 cxd4 18. Nxd4 Ne5 19. b3 Nc6 20. Qe3 Bxd4 21. Rxd4 Nxd4 22. Qxd4 Qc5 23. Qd3 Qxf2 24. Re3 Rad8 25. a4 Qb2 26. Qd1 Qa3 27. Rd3 Qc5 28. Qd2 Qb4 29. Qd1 Qa5 30. Ne2 Qe5 31. Rd4 f5 32. Qd3 fxe4 33. Bxe4 Bxe4 34. Rxe4 Qf5 35. Nf4 Rde8 36. g4 Qf7 37. Qe2 e5 38. Nd5 b5 39. Qd3 bxa4 40. bxa4 Qf2+ 41. Kh1 Rb8 42. Nc7 Rb2 43. Qd5+ Kh8 44. Re2 Rb1+ 45. Re1 Rxe1# 0-1

[Event "Unterfranken-ch HA 53th"]
[Site "Wuerzburg"]
[Date "2002.??.??"]
[Round "?"]
[White "Schneider, Johannes"]
[Black "Barthel, Reimar"]
[Result "0-1"]
[WhiteElo "1396"]
[BlackElo "1284"]
[PlyCount "94"]
[EventDate "2002.04.01"]
[EventType "swiss"]
[EventRounds "9"]
[EventCountry "GER"]
[SourceTitle "EXT 2015"]
[Source "ChessBase"]
[SourceDate "2014.11.20"]
[SourceVersion "1"]
[SourceVersionDate "2014.11.20"]
[SourceQuality "1"]

1. d4 Nf6 2. c4 g6 3. Bf4 Bg7 4. Nc3 d6 5. Nf3 Bg4 6. e3 Nbd7 7. Bd3 e5 8. Bg5 h6 9. Bh4 g5 10. Bg3 Qe7 11. d5 e4 12. Be2 exf3 13. Bxf3 Bxf3 14. Qxf3 Nc5 15. Qe2 Nfe4 16. Nxe4 Qxe4 17. 0-0 h5 18. f3 Qd3 19. Rfe1 0-0-0 20. Rab1 Rde8 21. Rbd1 Qxe2 22. Rxe2 f5 23. Be1 f4 24. e4 g4 25. b3 gxf3 26. gxf3 Rhg8 27. Kf2 Bf6 28. Bb4 Bh4+ 29. Kf1 Nd7 30. Be1 Bf6 31. Bd2 Ne5 32. Bxf4 Nxf3 33. Rf2 Ne5 34. Rdd2 Bg5 35. Bxg5 Rxg5 36. Rf4 Kd8 37. Kf2 Rg4 38. Rf5 h4 39. Ke3 Reg8 40. Rff2 h3 41. Rf1 Rg2 42. Rxg2 Rxg2 43. Rf8+ Ke7 44. Rh8 Rxh2 45. a4 Rh1 46. Kf2 Ng4+ 47. Kg3 h2 0-1